000 00433nam a2200145Ia 4500
008 151015s9999 xx 000 0 und d
020 _a316112232
050 _aHB172 .B864 1983
245 _aBrowning,Edgar K
250 _a_Micoeconomic theory and applications Edgar K.Browning
300 _aBoston Little,Brown and company 1983
500 _aIncludes index.
650 _a_Microeconomic
700 _a^d20130524 01:42:01^oanne
999 _c4779
_d4779